2 Borders 1 State Quiz Stats

 Plays Quiz Updated Mar 28, 2018

Challenge
Share
Tweet
Embed
Score 0/16 Timer 05:00
4 Plays Today
State 1 Answer % Correct
FloridaGeorgia
92.5%
TexasArkansas
92.2%
MaineNew Hampshire
91.5%
LouisianaTexas
89.8%
CaliforniaArizona
89.6%
WisconsinMichigan
88.6%
MontanaSouth Dakota
88.3%
New MexicoOklahoma
87.5%
State 1 Answer % Correct
OregonIdaho
87.4%
IndianaKentucky
87.1%
West VirginiaPennsylvania
85.4%
North DakotaMinnesota
84%
IdahoWyoming
83.5%
AlabamaTennessee
83.3%
ColoradoNebraska
82.8%
KansasMissouri
82.2%

You're not logged in!

Compare scores with friends on all Sporcle quizzes.
OR
Log In

You Might Also Like...

Show Comments

Extras

Top Quizzes Today


Score Distribution

Your Account Isn't Verified!

In order to create a playlist on Sporcle, you need to verify the email address you used during registration. Go to your Sporcle Settings to finish the process.

Report this User

Report this user for behavior that violates our Community Guidelines.

Details: